Mujeres con discapacidad: sobre la discriminación y opresión interseccional
Salvato in:
| Autore principale: | |
|---|---|
| Natura: | Libro |
| Lingua: | spagnolo |
| Pubblicazione: |
Madrid
Dykinson S.L
2017
|
| Edizione: | 1a. ed |
| Serie: | Colección Derechos Humanos y Filosofía del Derecho
|
| Soggetti: | |
| Tags: |
Aggiungi Tag
Nessun Tag, puoi essere il primo ad aggiungerne!!
|
MARC
| LEADER | 00000cam a2200000 a 4500 | ||
|---|---|---|---|
| 001 | UCC8962 | ||
| 003 | CL-VaPUC | ||
| 008 | 190830e20170000sp |||||||||||||||||spa|d | ||
| 020 | |a 9788491482581 | ||
| 082 | 0 | 4 | |a 305.42 |b SER |2 21 |
| 100 | 0 | |a Serra, María Laura |e author |9 603675 | |
| 245 | 1 | 0 | |a Mujeres con discapacidad: sobre la discriminación y opresión interseccional |
| 250 | |a 1a. ed | ||
| 300 | |a 521 p | ||
| 942 | |c BK | ||
| 945 | |d 20190830 10:52:00 |a dcastane | ||
| 260 | |a Madrid |b Dykinson S.L |c 2017 | ||
| 650 | 0 | |a Derechos de la mujer |9 257074 | |
| 650 | 0 | |a Discriminación social |9 323032 | |
| 650 | 0 | |a Discriminación de género |9 538222 | |
| 583 | |a last modification |c 20190830 10:52:00 |k Rodrigo Vera | ||
| 490 | 0 | |a Colección Derechos Humanos y Filosofía del Derecho | |
| 999 | |c 375157 |d 375155 | ||
| 952 | |0 0 |1 0 |3 erb |4 0 |6 305_420000000000000_SER_2017 |7 0 |8 WP_COW |9 561101 |a BIBDER |b BIBDER |e Fundación W and P Cowley |i 5597196 |l 1 |o 305.42 SER 2017 |p 5597196 |r 2024-01-29 |s 2024-01-29 |w 2020-03-12 |y BK |z Catalogado en:20190830 |k WPC | ||